000 00302nam a2200121Ia 4500
008 190216s9999||||xx |||||||||||||| ||und||
100 _aRaj Kumar Saini
245 0 _aHindi - Khidki Se Jhakta Hai Koan
260 _bSamayik Prakashan
_c2001
300 _a160
650 _aHindi Literature
942 _cBK
999 _c16129
_d16129